| 000 | 00807nam a2200217 i 4500 | ||
|---|---|---|---|
| 001 | 182543 | ||
| 003 | ES-MaACL | ||
| 005 | 20251204063026.0 | ||
| 008 | 130913s2012 ag |||| | spa d | ||
| 100 | 1 |
_aSchwarz, Fernand, _d1951- _9153423 |
|
| 245 | 1 | 0 |
_aIniciación y pensamiento simbólico en el Egipto faraónico / _cFernando Schwarz ; traducción de Leandro Pinker ; presentación de María Dolores F.- Fígares. |
| 250 | _a[2ª ed.]. | ||
| 260 |
_aBuenos Aires : _bBiblos, _c[2012] |
||
| 300 |
_a127 p. : _bil. ; _c. |
||
| 650 | 7 |
_aReligión egipcia _2embne _916803 |
|
| 700 | 1 |
_aPinkler, Leandro. _9153424 |
|
| 700 | 1 |
_aFígares, María Dolores F. _9153425 |
|
| 852 |
_aES-MaACL _jA-12928 _9189456 _bR.149848 _cDEPO1 _dOlim: N-5928 |
||
| 942 |
_2udc _cMONOGRAFIA |
||
| 999 |
_c182543 _d182543 |
||